000 nam a22 7a 4500
999 _c7275
_d7275
008 170801b xxu||||| |||| 00| 0 eng d
100 _93815
_aBram L. Leon
245 _aFunk wagnalls new encyclopedia (VOL - 3)
260 _aNew York
_bFunk wagnalls